000 01331nam a2200337 a 4500
003 CO-PeBPR
005 20260413160928.0
007 ta
008 231207s2023 ck a|||ar ||| 00| j|spa d
020 _a9789588846873
040 0 _aCO-PeBPR
_bspa
_erda
_cCO-PeBPR
041 0 _hspa
082 0 4 _a(i) 813 B395c
100 1 _aBecker, Helaine
_d1961-
_eautora
_9279675
245 1 0 _aCuenta con Katherine
_c/ Helaine Becker ; ilustraciones de Dow Phumiruk ; traducción de Raquel Solà García
250 _aEdición especial
264 1 _aBogotá, Colombia
_b: Alianza Distribuidora de Colombia
_c, 2023
300 _a40 páginas
_b: ilustraciones a color
_c; 29 centímetros
336 _atexto
_btxt
337 _asin mediación
_bn
_2rdamedia
338 _avolumen
_bnc
_2rdacarrier
521 _aRecomendado para un público infantil a partir de los 6 años
534 _tCounting on Katherine
600 1 4 _2LEMB
_aJohnson, Creola Katherine
_xBiografías
_d1918 - 2020
_9279676
650 1 4 _2LEMB
_aCuentos infantiles estadounidenses
_ySiglo XXI
_9279677
650 1 4 _2LEMB
_aLiteratura infantil estadounidense
_ySiglo XXI
_9279678
650 1 4 _2LEMB
_aLibros ilustrados para niños
_916
700 1 _aSolà García, Raquel
_etraductora
_9279679
700 1 _aPhumiruk, Dow
_eilustrador
_9279680
942 _2ddc
_cBKINF
999 _c17332
_d17332